000 00464ntaaa2200181 4500
003 01
005 20251027202903.0
008 0714s1973 ag 01
040 _aAR-BaBN
_bspa
_cAR-BaBN
_eaacr
_dRIC
082 _a269.8000 C85
100 _aCrane, J.D.
_929330
245 _aDesarrollo espiritual de nuevos hermanos
250 _a1 ed.
260 _aEl Paso :
_bCasa Bautista de Publicaciones,
_c1968
300 _a44 p
650 _aevangelización
942 _cBK
999 _c24182
_d24182